Vzájomná interakcia kapitálového trhu, nezamestnanosti a ekonomického rastu v slovenskej ekonomike
Súvislosti a problémy nezamestnanosti, kapitálové trhu a ekonomického rastu v Slovenskej republike. Tendencie hlavných ekonomických indikátorov v SR (2005-2008). Vzťah ekonomického rastu a zamestnanosti. Vzájomná závislosť medzi množstvom práce a veľkosti HDP. Okunov zákon. Prah rastu zamestnanosti....
Salvato in:
| Autore principale: | |
|---|---|
| Altri autori: | |
| Natura: | Capitolo di libro |
| Lingua: | slovacco |
| Soggetti: | |
| Tags: |
Nessun Tag, puoi essere il primo ad aggiungerne!!
|
MARC
| LEADER | 00000nla$a2200000$$$4500 | ||
|---|---|---|---|
| 001 | 0048444 | ||
| 005 | 20240502071546.2 | ||
| 041 | 0 | |a slo | |
| 044 | |a SK | ||
| 245 | 1 | 0 | |a Vzájomná interakcia kapitálového trhu, nezamestnanosti a ekonomického rastu v slovenskej ekonomike |c Veronika Piovarčiová, Marta Martincová |
| 520 | |a Súvislosti a problémy nezamestnanosti, kapitálové trhu a ekonomického rastu v Slovenskej republike. Tendencie hlavných ekonomických indikátorov v SR (2005-2008). Vzťah ekonomického rastu a zamestnanosti. Vzájomná závislosť medzi množstvom práce a veľkosti HDP. Okunov zákon. Prah rastu zamestnanosti. Porovnanie vývoja HDP a zamestnanosti za obdobie rokov 1991-2005. Vzťah ekonomického rastu a kapitálového trhu. Porovnanie veľkosti trhovej kapitalizácie akcií SR s trhmi vyspelých krajín Európskej únie. | ||
| 610 | 2 | 0 | |a rast hospodársky |
| 610 | 2 | 0 | |a zamestnanosť |
| 610 | 2 | 0 | |a nezamestnanosť |
| 610 | 2 | 0 | |a produkt domáci hrubý |
| 610 | 2 | 0 | |a trh kapitálový |
| 610 | 2 | 0 | |a regulácia |
| 610 | 2 | 0 | |a výkonnosť ekonomiky |
| 100 | 1 | |a Piovarčiová, Veronika, 1951- | |
| 700 | 1 | |a Martincová, Marta, 1955- | |